000
00297nam a2200109Ia 4500
008
201217s9999 xx 000 0 und d
100
_a
Chaturvedi, Abha
245
0
_a
Workers world: A socio-economic profile of pune workers
260
_a
Pune
_b
Times Research Foundation
300
_a
89
942
_c
BK
999
_c
7669
_d
7669